01186nam a22001577a 4500003000500000005001700005008004100022082001500063100002900078245007700107300001500184505064700199942002400846999001900870952013900889NUST20221219094746.0221219b ||||| |||| 00| 0 eng d a303.49,FRI aFriedman, George 97495 aThe Next 100 Years: A Forecast for the 21st Century / c George Friedman axxi, 253p. aOverture : An Introduction to the American age (Page-1), The Dawn of the American age (Page-15), Earthquake: The U.S.–Jihadist War (Page-31), Population, Computers, and Culture Wars (Page-50), The New Fault Lines (Page-65), China 2020: Paper Tiger (Page-88), Russia 2020: Rematch (Page-), American Power and the Crisis of 2030 (Page-120), A New World Emerges (Page-136), The 2040s: Prelude to War (Page-153), Preparing for War (Page-174), World War: A Scenario (Page-193), The 2060s: A Golden Decade (Page-212), 2080: The United States, Mexico, and the Struggle for the Global Heartland (Page-223), Epilogue (Page-249).  2ddccBKk303.49,FRI c592726d592726 00102ddc4070aMCSbMCScGENd2022-12-19l1o303.49,FRIpMCS37540r2024-02-15s2024-02-01w2022-12-19yBKzAlmirah No.49, Shelf No.2